000 00608nam a2200229Ia 4500
003 OSt
005 20221005133715.0
006 a|||||r|||| 00| 0
007 ta
008 221004b |||||||| |||| 00| 0 pan d
024 _a27794
037 _cTextual
040 _aCRL
_cCRL
_bpan
041 _2pan
_apan
082 _aV236wN, 153K8
100 _aਸਿੰਘ, ਭਜਨ
245 0 _aਸਾਡੇ ਜਰਨੈਲ
260 _c1968
650 _aਭਾਰਤੀਯ ਇਤਿਹਾਸ
942 _hV236wN, 153K8
_cTEXL
_2cc
999 _c1067635
_d1067635